Loading...
| Literature - British | 0 | 5 | 1 | 1 | 45 | 63 | 117.20 | 0 | 5 | 0.00 | 0.00 |
| Science - Chemistry | 0 | 4 | 0 | 0 | 40 | 95 | 111.25 | 0 | 1 | 0.00 | 0.00 |
| Fine Arts - Visual | 0 | 3 | 0 | 0 | 30 | 116 | 124.33 | 0 | 2 | 0.00 | 0.00 |
| Literature - American | 0 | 3 | 0 | 0 | 30 | 96 | 122.67 | 2 | 3 | 0.00 | 0.00 |
| Literature - European | 0 | 3 | 0 | 1 | 30 | 131 | 134.67 | 0 | 3 | 0.00 | 0.00 |
| Science - Other | 0 | 3 | 0 | 0 | 30 | 70 | 90.33 | 0 | 3 | 0.00 | 0.00 |
| History - American | 0 | 2 | 0 | 1 | 20 | 74 | 96.50 | 0 | 2 | 0.00 | 0.00 |
| Literature - World/Other | 0 | 3 | 2 | 0 | 20 | 118 | 130.33 | 0 | 2 | 0.00 | 0.00 |
| Social Science | 0 | 1 | 0 | 0 | 10 | 79 | 79.00 | 0 | 1 | 0.00 | 0.00 |
| Fine Arts - Other | 0 | 1 | 0 | 0 | 10 | 102 | 102.00 | 1 | 1 | 0.00 | 0.00 |
| History - Other | 0 | 1 | 0 | 0 | 10 | 90 | 90.00 | 0 | 0 | 0.00 | 0.00 |
| Science - Physics | 0 | 1 | 0 | 0 | 10 | 107 | 107.00 | 0 | 0 | 0.00 | 0.00 |
| Fine Arts - Classical Music | 0 | 1 | 0 | 0 | 10 | 135 | 135.00 | 1 | 1 | 0.00 | 0.00 |